A text-book of theodolite surveying and levelling for the use of students in land and mine surveying, (Record no. 15040)
[ view plain ]
| 000 -LEADER | |
|---|---|
| fixed length control field | 00453cam a2200145u 4500 |
| 040 ## - CATALOGING SOURCE | |
| Transcribing agency | CarP |
| 082 ## - DEWEY DECIMAL CLASSIFICATION NUMBER | |
| Classification number | 628 GRI 1915 A054 Or. |
| 100 1# - MAIN ENTRY--AUTHOR NAME | |
| Personal name | Park, James, |
| 245 02 - TITLE STATEMENT | |
| Title | A text-book of theodolite surveying and levelling for the use of students in land and mine surveying, |
| 250 ## - EDITION STATEMENT | |
| Edition statement | 3d ed. |
| 260 ## - PUBLICATION, DISTRIBUTION, ETC. (IMPRINT) | |
| Place of publication | London, |
| Name of publisher | C. Griffin & company, limited, |
| Year of publication | 1915. |
| 300 ## - PHYSICAL DESCRIPTION | |
| Number of Pages | xiii, 430 p., 1 l. |
| Other physical details | illus., diagrs. |
| Dimensions | 20 cm. |
| 650 #0 - SUBJECT ADDED ENTRY--TOPICAL TERM | |
| Topical Term | Surveying. |
| 942 ## - ADDED ENTRY ELEMENTS (KOHA) | |
| Koha item type | សៀវភៅភាសាអង់គ្លេស |
| 952 ## - LOCATION AND ITEM INFORMATION (KOHA) | |
| Withdrawn status [LOCAL, KOHA] | 0 |
| Permanent Location | Date acquired | Koha item type | Lost status | Shelving location | Barcode | Current Location | Full call number |
|---|---|---|---|---|---|---|---|
| Library Block A | 2017-11-02 | សៀវភៅភាសាអង់គ្លេស | A054 | A07211 | Library Block A | 628 GRI 1915 A054 Or. |